| 000 | 00429nam a22001577a 4500 | ||
|---|---|---|---|
| 999 |
_c9088 _d9088 |
||
| 003 | OSt | ||
| 008 | 200716b ||||| |||| 00| 0 eng d | ||
| 020 | _a9789388527767 | ||
| 100 | _aMagazine, Ranjan | ||
| 245 | _aDrugs And Cosmetics Act, 1940 And Rules, 1945 | ||
| 250 | _a2nd | ||
| 260 |
_aNew Delhi _bCBS Publishers & Distributors Pvt. Ltd. _c2018 |
||
| 300 | _a328 | ||
| 650 | _aPharmaceutical Jurisprudence | ||
| 942 |
_2ddc _cBK |
||